Central Library OPAC University of Rajshahi

حدايق البلاغة / Ḥadāʼiq al-balāghah / (Record no. 83187)

MARC details
000 -LEADER
fixed length control field 00607nam a2200193 a 4500
003 - CONTROL NUMBER IDENTIFIER
rucl marc code BD-RjUL
005 - DATE AND TIME OF LATEST TRANSACTION
control field 20240229115104.0
008 - FIXED-LENGTH DATA ELEMENTS--GENERAL INFORMATION
fixed length control field 240229s1923 ir 000 0 ara d
035 ## - SYSTEM CONTROL NUMBER
System control number (BD-RjUL)
040 ## - CATALOGING SOURCE
Original cataloging agency NNL
Language of cataloging ara
Transcribing agency BD-RjUL
041 0# - LANGUAGE CODE
Language code of text/sound track or separate title ara
082 ## - DEWEY DECIMAL CLASSIFICATION NUMBER
Edition number 23
Classification number 891.55
Author mark and year NAH 1923
100 ## - MAIN ENTRY--PERSONAL NAME
Personal name Nasir al-Din نصير الدين
9 (RLIN) 11978
245 10 - TITLE STATEMENT
Title حدايق البلاغة / Ḥadāʼiq al-balāghah /
Statement of responsibility, etc. نصير الدين ;; Nasir al-Din
260 ## - PUBLICATION, DISTRIBUTION, ETC. (IMPRINT)
Place of publication, distribution, etc. Lahore ::
Name of publisher, distributor, etc. درمطبع كريمي ،
Date of publication, distribution, etc. 1923
300 ## - PHYSICAL DESCRIPTION
Pagination 171 p. ;
Size 23 cm
650 #4 - SUBJECT ADDED ENTRY--TOPICAL TERM
Topical term or geographic name as entry element Persian literature
Chronological subdivision 750-1258
9 (RLIN) 11979
942 ## - ADDED ENTRY ELEMENTS (KOHA)
Source of classification or shelving scheme Dewey Decimal Classification
Koha item type Books
Holdings
Lost status Source of classification or shelving scheme Damaged status Not for loan Collection code Permanent Location Current Location Shelving location Date acquired Source of acquisition Total Checkouts Full call number Date last seen Copy number Koha item type
  Dewey Decimal Classification   Not For Loan Non-fiction Central Library, University of Rajshahi Central Library, University of Rajshahi Reading Room 13/11/1964 G.M.Helali prof. Rajshahi College   F 891.55 NAH 1923 29/02/2024 C-1 Books